Exclamation mark /
A punctuation mark feels bad that he does not fit in with the others until a friend reveals the possibilities that exist when differences are accepted.
| Main Author: | |
|---|---|
| Other Authors: | |
| Format: | Book |
| Language: | English |
| Published: |
New York :
Scholastic Press,
2013.
|
| Edition: | 1st ed. |
| Subjects: | |
| Online Access: | Contributor biographical information Publisher description |
MARC
| Tag | First Indicator | Second Indicator | Subfields |
|---|---|---|---|
| LEADER | 00000cam a22000001a 4500 | ||
| 001 | in00003429021 | ||
| 008 | 120403s2013 nyua j 000 1 eng d | ||
| 005 | 20240705222751.5 | ||
| 010 | |a 2012936803 | ||
| 019 | |a 838837166 | ||
| 020 | |a 0545436796 | ||
| 020 | |a 9780545436793 | ||
| 029 | 1 | |a NZ1 |b 14742306 | |
| 029 | 1 | |a AU@ |b 000050768783 | |
| 035 | |a (OCoLC)ocn801928210 | ||
| 035 | |a (OCoLC)801928210 | ||
| 040 | |a YDXCP |b eng |c YDXCP |d DLC |d BTCTA |d BDX |d NZHPC |d OCLCO |d JJG |d RV8 |d VHP |d IEP |d CDS |d WIS |d UIU |d ILC |d IJ5 |d IAO |d VP@ |d OCLCA |d OCLCF |d UtOrBLW | ||
| 042 | |a lcac |a lccopycat | ||
| 049 | |a TXAM | ||
| 050 | 0 | 0 | |a PZ7.R719445 |b Ex 2013 |
| 082 | 0 | 0 | |a [E] |2 23 |
| 100 | 1 | |a Rosenthal, Amy Krouse. | |
| 245 | 1 | 0 | |a Exclamation mark / |c by Amy Krouse Rosenthal & [illustrated by] Tom Lichtenheld. |
| 246 | 1 | 4 | |a ! |
| 250 | |a 1st ed. | ||
| 264 | 1 | |a New York : |b Scholastic Press, |c 2013. | |
| 300 | |a 52 unnumbered pages : |b illustrations ; |c 19 x 29 cm. | ||
| 336 | |a text |b txt |2 rdacontent | ||
| 337 | |a unmediated |b n |2 rdamedia | ||
| 338 | |a volume |b nc |2 rdacarrier | ||
| 520 | |a A punctuation mark feels bad that he does not fit in with the others until a friend reveals the possibilities that exist when differences are accepted. | ||
| 586 | |a American Library Association Notable Children's Bk | ||
| 650 | 1 | |a Punctuation |v Fiction. | |
| 650 | 1 | |a Individuality |v Fiction. | |
| 650 | 0 | |a Punctuation |v Juvenile fiction. | |
| 650 | 0 | |a Individuality |v Juvenile fiction. | |
| 655 | 7 | |a Fiction. |2 fast |0 (OCoLC)fst01423787 | |
| 655 | 7 | |a Juvenile works. |2 fast |0 (OCoLC)fst01411637 | |
| 650 | 7 | |a Individuality. |2 fast |0 (OCoLC)fst00970343 | |
| 650 | 7 | |a Punctuation. |2 fast |0 (OCoLC)fst01084083 | |
| 700 | 1 | |a Lichtenheld, Tom, |e illustrator. | |
| 856 | 4 | 2 | |3 Contributor biographical information |u http://catdir.loc.gov/catdir/enhancements/fy1313/2012936803-b.html |t 0 |
| 856 | 4 | 2 | |3 Publisher description |u http://catdir.loc.gov/catdir/enhancements/fy1313/2012936803-d.html |t 0 |
| 938 | |a YBP Library Services |b YANK |n 9369101 | ||
| 938 | |a Baker and Taylor |b BTCP |n BK0011796327 | ||
| 938 | |a Brodart |b BROD |n 103317422 | ||
| 945 | |a PromptCat |b 624464 | ||
| 946 | |a curr | ||
| 947 | |a A14840681607 | ||
| 994 | |a 92 |b TXA | ||
| 999 | |a MARS | ||
| 999 | f | f | |s d39d65a5-62ba-3591-b23f-ab094d9db5b6 |i 1905784e-b046-35c1-84f2-bcbd6521b7f8 |t 0 |
| 952 | f | f | |p normal |a Texas A&M University |b College Station |c Sterling C. Evans Library |d Evans: Curriculum Collection (4th floor) |t 0 |e PZ7.R719445 Ex 2013 |h Library of Congress classification |i unmediated -- volume |m A14840681607 |
| 998 | f | f | |a PZ7.R719445 Ex 2013 |t 0 |l Evans: Curriculum Collection (4th floor) |